| 000 | 00772nam a2200265 a 4500 | ||
|---|---|---|---|
| 003 | AR-BaBNM | ||
| 005 | 20251128203532.0 | ||
| 008 | 082120s2002 ||||||||||||||000 | spa|| | ||
| 040 | _cAR-BaBNM | ||
| 100 | 1 | _aLazzarini, José Luis | |
| 245 | 0 | 0 |
_aProblemática del Lenguaje _bpresupuestos para su enseñanza en la escuela media. 2 |
| 260 |
_aBuenos Aires _bGuadalupe _c1966 |
||
| 300 | _a258 p. | ||
| 490 | 0 | _aBiblioteca pedagógica. Metodología | |
| 650 | 4 | _aTEORIA LINGÜISTICA | |
| 650 | 4 | _aGRAMATICA | |
| 653 | _aENSENANZA DE LA LENGUA | ||
| 653 | _aFILOSOFIA DEL LENGUAJE | ||
| 653 | _aEDUCACION SECUNDARIA | ||
| 653 | _aESTRATEGIAS DIDACTICAS | ||
| 700 | 1 | _aLosada, Alejandro | |
| 700 | 1 | _aPalma de Carpineti, Rosa | |
| 942 | _cBK | ||
| 998 | _cLAURA | ||
| 999 |
_c3835 _d3835 |
||